|
|
|
|
| LEADER |
00000nab a2200000 a 4500 |
| 001 |
vtls000634214 |
| 003 |
SK-MaSNL |
| 005 |
20260303202310.0 |
| 008 |
160401c1997 xo 0 slo |
| 015 |
|
|
|a SNBRB19rr/mm-uuuuu
|
| 035 |
|
|
|a CL0634353
|
| 040 |
|
|
|a SNKBUCL
|b slo
|c SNKBUCL
|e AACR2
|
| 041 |
0 |
|
|a slo
|
| 044 |
|
|
|a xo
|c SK
|
| 080 |
|
|
|a 616.12-089
|2 1981
|
| 100 |
1 |
|
|a Vršanský, Dušan,
|d 1948-
|4 aut
|9 16237
|
| 245 |
1 |
0 |
|a Srdce pre 21. storočie potrebuje akútnu pomoc
|b Ročne zomiera na infarkt päťtisíc ľudí, pričom dvom tretinám sa teoreticky dalo ešte pomôcť
|c Dušan Vršanský, Jozef Stiegel
|
| 300 |
|
|
|b Fotogr. 1
|
| 650 |
0 |
7 |
|a kardiovaskulárne choroby
|2 snkbucl
|9 2500
|
| 650 |
0 |
7 |
|a kardiochirurgia
|2 snkbucl
|9 13874
|
| 655 |
|
7 |
|a články z novín a časopisov
|2 snkbucl
|9 267496
|
| 700 |
1 |
|
|a Stiegel, Jozef
|4 aut
|9 324748
|
| 773 |
0 |
|
|t Slovenský profit
|g Roč. 5, č. 34 (1997), s. 14-15
|
| 850 |
|
|
|a Slovenská národná knižnica v Martine
|a MTA001
|
| 852 |
|
|
|a SNK
|b KIS3GCP
|
| 958 |
|
|
|a ME
|
| 958 |
|
|
|a RK
|
| 958 |
|
|
|a RBX
|
| 999 |
|
|
|c 2178864
|d 2180794
|